| 000 | 02644nac a22003011u 4500 | ||
|---|---|---|---|
| 010 | _a 00055329 | ||
| 020 | _a0415248477 : | ||
| 020 | _a0415248485 (pbk.) : | ||
| 082 | 0 | 0 |
_a338.90072 _bBAN |
| 090 |
_c9269 _d9269 |
||
| 100 | _a20080729 | ||
| 245 | 0 | 0 |
_aBanking on knowledge : the genesis of the Global Development Network / _cedited by Diane Stone. |
| 260 |
_aLondon ; _aNew York : _bRoutledge,2000. _c2000. |
||
| 300 |
_axvii, 266 p. : _bill. ; _c24 cm. |
||
| 440 | 0 | _aWarwick studies in globalisation | |
| 500 | _aBased on papers presented at a conference held in Bonn, 1999 to launch the Global Development Network. | ||
| 500 | _aDistributer: Al-Ahram | ||
| 504 | _aIncludes bibliographical references and index. | ||
| 505 | 8 | _aMachine generated contents note: PART I -- The GDN and knowledge for development 1 -- 1 The genesis of the GDN 3 -- ERIK JOHNSON AND DIANE STONE -- 2 Scan globally, reinvent locally: knowledge infrastructure and the localisation of knowledge 24 -- JOSEPH STIGLITZ -- 3 The instrumentalisation of development knowledge 44 -- KNUT G. NUSTAD AND OLE J. SENDING --PART II -- Civil society engagement 63 -- 4 Think tanks in independent Belarus: catalysts for social transformation 65 -- OLEG MANAEV -- 5 New partnerships in research: activists and think tanks.An illustration from the NCAER in New Delhi 87 -- RATNA M. SUDARSHAN -- 6 Building productive partnerships for the promotion of reform: the APOYO Institute in Peru 104 -- GABRIEL ORTIZ DE ZEVALLOS AND ALEJANDRO SALAS --PART III -- Reform and reconstruction 123 -- 7 The challenges of intervention for Cambodian think tanks 125 -- KAO KIM HOURN -- 8 Post-communist think tanks: making and faking influence 142 -- IVAN KRASTEV -- 9 Influencing government policy making 162 -- SIMON JAMES -- PART IV -- Knowledge across borders 181 -- 10 Southeast Asian research institutes and regional cooperation 183 -- HELEN E.S. NESADURAI AND DIANE STONE -- 11 Globalisation, think tanks and policy transfer 203 -- STELLA LADI -- 12 Think tanks and the ecology of policy inquiry 221 -- EVERT LINDQUIST -- Conclusion 239 -- 13 Knowledge, power and policy 241 -- DIANE STONE. | |
| 511 | _aCatalogued by: Sara | ||
| 650 | 0 |
_aEconomic development _xResearch. |
|
| 650 | 0 | _aCommunication in economic development. | |
| 700 | 1 |
_aStone, Diane _d1964- |
|
| 710 | 2 | _aGlobal Development Network. | |
| 856 | 4 | 1 |
_3Table of contents only _uhttp://www.loc.gov/catdir/toc/fy041/00055329.html |
| 856 | 4 | 1 |
_3Publisher description _uhttp://www.loc.gov/catdir/enhancements/fy0650/00055329-d.html |
| 942 |
_cBB _k338.90072BAN |
||
| 999 |
_c9269 _d9269 |
||